000 00394nam a2200133Ia 4500
008 151001s9999||||xx |||||||||||||| ||und||
100 _aविजया इंगोले
245 _aडॉ.बाबासाहेब आंबेडकरांची
250 _a1
260 _bस्वरूप प्रकाशन
260 _c2007
300 _a480
365 _b21
999 _c998073
_d998070